000 01043nam a2200289Ia 4500
999 _c3228
_d3228
003 OSt
005 20200602140415.0
008 191128s9999 xx 000 0 und d
020 _a9789588445687
040 _aCO-JMCR
_cCO-JMCR
041 _aspa
082 _aC /
_bRONs
100 _aRondón, Javier, autor
_94915
245 0 _aEl sapo distraído /
245 0 _cJavier Rondón ; Ilustraciones de Marcela Cabrera
260 _aBogota
260 _bEkaré ;
260 _c1988
300 _a21 páginas
300 _b Ilustraciones a color
300 _c 18 cm.
490 _aLeer es mi cuneto Plan Nacional de Lectura Escrita
500 _aIncluye biográfia del autor en contraportada
520 _a"Una mañana, un sapo decide hacer el mercado. Hace su lista, pone un clavel en su gorrita, en su patica un cascabel, y sale brincando hacia la plaza del mercado. Allí descubre un mundo alborotado lleno de gente y sonidos, sabores y colores… En la confusió
650 _acuentos infantiles
_94916
942 _2ddc
_cBK